Online Catalogue and eLibrary

The role of the judiciary in plural societies : (Record no. 2815)

MARC details
000 -LEADER
fixed length control field 00586nam a2200193Ia 4500
005 - DATE AND TIME OF LATEST TRANSACTION
control field 20240603032642.0
008 - FIXED-LENGTH DATA ELEMENTS--GENERAL INFORMATION
fixed length control field 240331s9999 xx 000 0 und d
020 ## - INTERNATIONAL STANDARD BOOK NUMBER
ISBN 0861876644
082 ## - DDC Classification
Item Number - Author Mark ROL
Class No. 342
245 #4 - TITLE STATEMENT
Title The role of the judiciary in plural societies :
Remainder of title a publication of the international centre for ethnic studies
250 ## - EDITION STATEMENT
Edition statement 1 st
260 ## - PUBLICATION, DISTRIBUTION, ETC.
Place of publication, distribution, etc. London
Name of publisher, distributor, etc. International Centre For Ethnic Studies
Date of publication, distribution, etc. 1987
300 ## - PHYSICAL DESCRIPTION
Extent (e.g. Volumes, Pages etc.) xxi, 193 p .,
650 ## - SUBJECT ADDED ENTRY--TOPICAL TERM
Topical term or geographic name entry element Laws
650 ## - SUBJECT ADDED ENTRY--TOPICAL TERM
Topical term or geographic name entry element Human Rights
700 ## - ADDED ENTRY--PERSONAL NAME
Personal name Tiruchelvam, Neelan
Relator term (Role) Editor
700 ## - ADDED ENTRY--PERSONAL NAME
Personal name Coomaraswamy, Radhika
Relator term (Role) Editor
942 ## - Koha item type (Biblio)
Koha item type Books in Stacks (Lending)
Holdings
Lost status Damaged status Collection code Home library Current library Shelving location Date acquired Full call number Accession Number Item type
    Lending WERC Library WERC Library Social Science Cupboard 03/31/2024 342.7 ROL 3246 Books in Stacks (Lending)

© WERC Library